00475cam a22001934a 45000010009000000050017000090080041000260100017000670200015000840400018000990410008001170420008001250800018001330820022001511000007001731010008001802450042001885040051002301430371320180307033047.0060317s2007 njua 000 0 eng  a 2006009189 a0132206447 aDLCcDLCdDLC aeng apcc a658.4013 fos00a658.4013 fos2221 a54 aman10aManaging quality :cS. Thomas Foster. aIncludes bibliographical references and index.